| 000 | 00535nam a2200169Ia 4500 | ||
|---|---|---|---|
| 003 | GCL | ||
| 008 | 140319s9999 xx 000 0 ara d | ||
| 040 |
_aGCL / _cGCL |
||
| 082 | 0 | 4 |
_a920.72 _bع ا |
| 100 | 1 | _aعمر رضا كحالة | |
| 245 | 1 | 0 |
_aاعلام النساء فى عالمى العرب والاسلام / _cعمر رضا كحالة |
| 260 |
_a[S.N] : _bمؤسسة الرسالة ، _c1991 |
||
| 300 | _aمتعدد | ||
| 490 |
_aشكاوى المصرى الفصيح _v0 |
||
| 650 | 0 | 4 | _aالنساء |
| 942 |
_2ddc _cREF |
||
| 999 |
_c59565 _d59565 |
||